000 00629nam a2200229Ia 4500
003 OSt
005 20221005081119.0
006 a|||||r|||| 00| 0
007 ta
008 221004b |||||||| |||| 00| 0 eng d
024 _a69585
037 _cTextual
040 _aCRL
_cCRL
_beng
041 _2eng
_aeng
082 _aY:434:6.2'N7, M2.1
100 _aBanerji Debabar
_9138299
245 0 _aPoverty, Class and health culture in India
260 _aNew Delhi
_bPrachi Prakashan
_c1982
650 _aSOCIOLOGY
942 _hY:434:6.2'N7, M2.1
_cTEXL
_2cc
999 _c987166
_d987166